| 000 | 00617nam a2200193 4500 | ||
|---|---|---|---|
| 001 | 1914 | ||
| 005 | 20181127164222.0 | ||
| 008 | 840628s1965 nyua 000 0 eng | ||
| 010 | _a 64021670 | ||
| 041 | 1 | _aengger | |
| 100 | 1 | _aLaugwitz, Detlef. | |
| 240 | 1 | 0 |
_aDifferentialgeometrie. _lEnglish |
| 245 | 1 | 0 |
_aDifferential and riemannian geometry / _cDetlef Laugwitz; translated by Fritz Steinhardt. |
| 260 |
_aNew York : _bAcademic Press, _c1965. |
||
| 300 |
_axii, 238 p. : _bill. ; _c24 cm. |
||
| 500 | _aTranslation of Differentialgeometrie. | ||
| 650 | 0 | _aGeometry, Differential. | |
| 650 | 0 | _aGeometry, Riemannian. | |
| 999 |
_c1474 _d1474 |
||